Geography Quiz

Random Geography or World Quiz

20 Country Snapshot II Quiz Stats

Quiz Updated Mar 26, 2016

Challenge
Share
Tweet
Score 0/20 Timer 02:00
61 Plays Today
% Correct
Iran
98.1%
Iraq
98%
Egypt
96.7%
Saudi Arabia
96.7%
Israel
96.2%
Turkey
95.9%
Syria
93%
United
Arab
Emirates
91.7%
Jordan
91.1%
Palestine
84.7%
% Correct
Oman
84%
Kuwait
83.3%
Lebanon
83%
Qatar
80.1%
Sudan
72%
Cyprus
70%
Armenia
70%
Azerbaijan
68.8%
Bahrain
66.2%
Turkmenistan
60.6%

You're not logged in!

Compare scores with friends on all Sporcle quizzes.
Sign Up with Email
OR
Log In

You Might Also Like...

Show Comments

Extras

Top Quizzes Today


Score Distribution

Your Account Isn't Verified!

In order to create a playlist on Sporcle, you need to verify the email address you used during registration. Go to your Sporcle Settings to finish the process.